El Comercio español en el Río de la Plata : revista económica y científica revista económica y científica
Descripción Física:
40 cm
MARC
| LEADER | 00000nam a2200000Ia 4500 | ||
|---|---|---|---|
| 001 | |||
| 008 | 160829s18?? xx 000 0 cat d | ||
| 080 | |a Revistes | ||
| 245 | |a El Comercio español en el Río de la Plata : |b revista económica y científica | ||
| 260 | |a Buenos Aires : |b Imp. Nacional de Obras de Lujo, |c 18?? | ||
| 300 | |a 40 cm | ||
| 590 | |a Periodicitat desconeguda. | ||
| 590 | |a Descripció basada en: Año III, no. 51 (febr. 1899). | ||
| 590 | |a Prové de 1950, exp. 8 | ||
| 650 | 0 | |a Espanya |x Comerç |x Buenos Aires |9 47954 | |
| 650 | |a Buenos Aires |x Comerç |x España |x Revistes |9 47955 | ||
| 650 | |a Comerç |x Aspectes econòmics |x Revistes |9 47956 | ||
| 866 | |a Any 2, 1897 (41); any 3, 1899 (51) | ||
| 901 | |a Arxiu | ||
| 942 | |n 1 | ||
| 952 | |0 0 |1 0 |4 0 |6 REVISTES |7 1 |9 54231 |a Arxiu |b Arxiu |d 2016-12-01 |l 0 |o Revistes |r 2016-12-01 00:00:00 |w 2016-12-01 |y ARXIU | ||
| 999 | |c 58100 |d 58100 | ||